|
|
|
|
| LEADER |
01986nam a2200445 i 4500 |
| 001 |
nkc20193093365 |
| 003 |
CZ PrNK |
| 005 |
20190618132351.0 |
| 007 |
ta |
| 008 |
190530s2019 xr a b 000 j cze |
| 015 |
|
|
|a cnb003093365
|
| 020 |
|
|
|a 978-80-247-2877-3
|q (vázáno)
|
| 035 |
|
|
|a (OCoLC)1107821286
|
| 040 |
|
|
|a ABG001
|b cze
|d OLA001
|d ABA001
|e rda
|
| 072 |
|
7 |
|a 821.162.3-3
|x Česká próza
|2 Konspekt
|9 25
|
| 072 |
|
7 |
|a 821-93
|x Literatura pro děti a mládež (beletrie)
|2 Konspekt
|9 26
|
| 080 |
|
|
|a 821.162.3-32
|2 MRF
|
| 080 |
|
|
|a 821-93
|2 MRF
|
| 080 |
|
|
|a (0:82-32)
|2 MRF
|
| 100 |
1 |
|
|a Gecková, Iva
|7 ola2018982229
|4 aut
|
| 245 |
1 |
0 |
|a Jak to bylo s panem Vlkem /
|c napsala Iva Gecková ; ilustrovala Bára Buchalová
|
| 250 |
|
|
|a Vydání 1.
|
| 264 |
|
1 |
|a Praha :
|b Bambook,
|c 2019
|
| 300 |
|
|
|a 69 stran :
|b barevné ilustrace ;
|c 23 cm
|
| 336 |
|
|
|a text
|b txt
|2 rdacontent
|
| 336 |
|
|
|a statický obraz
|b sti
|2 rdacontent
|
| 337 |
|
|
|a bez média
|b n
|2 rdamedia
|
| 338 |
|
|
|a svazek
|b nc
|2 rdacarrier
|
| 520 |
2 |
|
|a Do pohádkového lesa se přistěhoval pan Vlk. Čeká Karkulku sežrání nebo je to celé jinak? Humorně převyprávěná pohádka v moderním kabátě.
|b I pohádkový svět jde s dobou. Okenice z perníkové chaloupky končí na knedlících, Popelčiny sestry jedí bio a žijí eko a Karkulky babička je pořádně od rány a tak trochu čarodějnice. Jak to tak asi může dopadnout s panem Vlkem, který se usadil ve starém mlýně a je trochu ťuňťa.
|
| 655 |
|
7 |
|a české příběhy
|7 fd133973
|2 czenas
|
| 655 |
|
7 |
|a publikace pro děti
|7 fd133156
|2 czenas
|
| 655 |
|
9 |
|a Czech stories
|2 eczenas
|
| 655 |
|
9 |
|a children's literature
|2 eczenas
|
| 700 |
1 |
|
|a Buchalová, Bára,
|d 1975-
|7 xx0023985
|4 ill
|
| 910 |
2 |
|
|a BOA001
|b 2-1426.673
|
| 928 |
9 |
|
|a Grada Publishing - Bambook
|
| 990 |
|
|
|a BK
|
| 995 |
|
|
|a 01
|
| 991 |
|
|
|b 201906
|c NOV
|
| 996 |
6 |
|
|b 2610785404
|c 2-1426.673
|l MZK
|r Sklad / do 1 hodiny
|n 0
|p p.v.
|w 001728019
|u 000010
|a 1
|e BOA001
|j MZK50
|s P
|